The targeted / Cara Putman.
Available copies
- 2 of 2 copies available at LARL/NWRL Consortium.
- 2 of 2 copies available at Lake Agassiz Regional Library. (Show preferred library)
Current holds
1 current hold with 2 total copies.
Show All Copies
| Location | Call Number / Copy Notes | Barcode | Shelving Location | Status | Due Date |
|---|---|---|---|---|---|
| Fertile Public Library | C PUT (Text) | 33500014375414 | New | Available | - |
| Fosston Public Library | C PUT (Text) | 33500014375406 | New | Available | - |
Record details
- ISBN: 9780825448065
- ISBN: 0825448069
- Physical Description: pages cm
- Publisher: Grand Rapids, MI : Kregel Publications, 2026.
Content descriptions
| Summary, etc.: | "Chloe Ainsworth, now a coach at her childhood ... Read More |
Search for related items by subject
| Subject: | Man-woman relationships. Gymnastics > Fiction. Child molesters > Fiction. Families > Fiction. Law students > Fiction. |
| Genre: | Fiction. Christian fiction. Detective and mystery fiction. Romance fiction. Novels. |
Search for related items by series
| LDR | 02830cam a22004938i 4500 | ||
|---|---|---|---|
| 001 | 484188 | ||
| 003 | LARL_NWRL_CONSORTIUM | ||
| 005 | 20260521135636.0 | ||
| 008 | 260127s2026 miu 000 1 eng | ||
| 007 | t| | ||
| 010 | . | ‡a 2026002349 | |
| 040 | . | ‡aDLC ‡beng ‡erda ‡cDLC ‡dOCLCO | |
| 020 | . | ‡a9780825448065 ‡qpaperback | |
| 020 | . | ‡a0825448069 | |
| 020 | . | ‡z9780825469848 ‡qkindle edition | |
| 020 | . | ‡z9780825470851 ‡qepub | |
| 035 | . | ‡a(OCoLC)1564000970 | |
| 042 | . | ‡apcc | |
| 100 | 1 | . | ‡aPutman, Cara C. ‡eauthor ‡4aut ‡4http://id.loc.gov/vocabulary/relators/aut ‡1http://id.loc.gov/rwo/agents/no2009073892. ‡0(LARL_NWRL_CONSORTIUM)215919 |
| 245 | 1 | 4. | ‡aThe targeted / ‡cCara Putman. |
| 264 | 1. | ‡aGrand Rapids, MI : ‡bKregel Publications, ‡c2026. | |
| 300 | . | ‡apages cm | |
| 334 | . | ‡asingle unit ‡bmono ‡0http://id.loc.gov/vocabulary/issuance/mono | |
| 336 | . | ‡atext ‡btxt ‡2rdacontent ‡0http://id.loc.gov/vocabulary/contentTypes/txt | |
| 337 | . | ‡aunmediated ‡bn ‡2rdamedia ‡0http://id.loc.gov/vocabulary/mediaTypes/n | |
| 338 | . | ‡avolume ‡bnc ‡2rdacarrier ‡0http://id.loc.gov/vocabulary/carriers/nc | |
| 490 | 0 | . | ‡aSecrets to keep ; ‡v3 |
| 520 | . | ‡a"Chloe Ainsworth, now a coach at her childhood gym, is face-to-face with her past abuser and fiercely protective of the young gymnasts under her care. When her older sister reappears after fourteen years, Chloe knows it can only mean trouble. It's time to make her case, and she's desperate for an ally. Law student Dare Shepherd works at the local legal clinic, where he meets Chloe and hears her out. He believes her case but can't get the clinic director on board. As he learns more about her story, he finds himself bound by a deepening personal care for Chloe. They band together in search of answers and suddenly the stakes skyrocket. It's clear they're onto something. The question is, Who is behind it all?"-- Provided by publisher. | |
| 650 | 0. | ‡aMan-woman relationships. ‡0(LARL_NWRL_CONSORTIUM)38460 | |
| 650 | 0. | ‡aGymnastics ‡vFiction. | |
| 650 | 0. | ‡aChild molesters ‡vFiction. ‡0(LARL_NWRL_CONSORTIUM)171306 | |
| 650 | 0. | ‡aFamilies ‡vFiction. ‡0(LARL_NWRL_CONSORTIUM)164942 | |
| 650 | 0. | ‡aLaw students ‡vFiction. ‡0(LARL_NWRL_CONSORTIUM)172711 | |
| 655 | 7. | ‡aFiction. ‡2lcgft | |
| 655 | 7. | ‡aChristian fiction. ‡2lcgft | |
| 655 | 7. | ‡aDetective and mystery fiction. ‡2lcgft | |
| 655 | 7. | ‡aRomance fiction. ‡2lcgft | |
| 655 | 7. | ‡aNovels. ‡2lcgft | |
| 758 | . | ‡1http://id.loc.gov/resources/instances/in00024425975 | |
| 758 | . | ‡4http://id.loc.gov/ontologies/bibframe/instanceOf ‡1http://id.loc.gov/resources/works/in00024425975 | |
| 776 | 0 | 8. | ‡iOnline version ‡4http://id.loc.gov/entities/relationships/onlineversion ‡aPutman, Cara C. ‡tTargeted ‡dGrand Rapids, MI : Kregel Publications, 2026 ‡z9780825469848 ‡w(DLC) 2026002350 |
| 884 | . | ‡aDLC bibframe2marc v3.1-dev ‡g20260127 ‡qDLC ‡uhttps://github.com/lcnetdev/bibframe2marc/tree/v3.1-dev | |
| 901 | . | ‡a484188 ‡bOCoLC ‡c484188 ‡tbiblio ‡soclc | |

Add to basket
Permalink
Disable Highlighting